000 00992nam a22002897a 4500
001 BR7604449
003 BR-BrBNA
005 20230928085109.0
007 ta
008 230509b bl.||||| |||| 00| 0 por d
040 _aBR-BrBNA
_bpor
_cBiblioteca Nacional de Agricultura
041 _a(Por)
072 _aD10
_b/G514
090 _ D10 BR7604449
100 1 _aMoraes, A.D. de
100 1 _aLopes, F.E.U.
110 1 _aComissao Estadual de Planejamento Agricola, Sao Luis, MA (Brasil)
_92062
245 1 _aProjeto de formacao de equipe tecnica para implantacao do P.M.S.P.A. [programa de modernizacao do setor publico agricola, Maranhao, Brasil]
260 3 _aSao Luis, MA (Brasil):
_c1976.
300 _a22 p.
500 _a(*) Documento disponível no(a) Comissao Estadual de Planejamento Agricola, Sao Luis, MA (Brazil)
650 _aADMINISTRACAO PUBLICA
650 _aADMINISTRACAO AGRICOLA
650 _aMARANHAO
909 _a202309
_bLucia
_c55
_dLucia Elande
942 _cBK
999 _c22776
_d22776